000 00306nam a22001217a 4500
008 180427b xxu||||| |||| 00| 0 eng d
041 _aeng
080 _a043.3
100 _a0
101 _aMEK-MTH
245 _aPanelat diellore dhe implementimi i tyre në kampusin e UBT-së
_cHyseni,G
942 _2udc
_cBK
999 _c45642
_d45642